000 00764nam a2200253Ia 4500
003 OSt
005 20220923220726.0
006 a|||||r|||| 00| 0
007 ta
008 220922b |||||||| |||| 00| 0 hin d
024 _a189,644
037 _cTextual
040 _aARTS
_cARTS
_bhin
041 _2hin
_ahin
082 _aO152,2N32,CH, M5
100 _aनिशेश, रमा शंकर
245 0 _aचीलघर
246 _aChīlaghara
260 _aदिल्ली
_b पराग प्रकाशन
_c1985
300 _a79पृ.
_ccm.
650 _aहिन्दी साहित्य
_9156264
942 _hO152,2N32,CH, M5
_cTEXL
_2CC
999 _c342487
_d342487